Catalog

Record Details

Catalog Search



Percy Jackson. #2, Sea of monsters / Fox 2000 ... Read More

Available copies

  • 4 of 5 copies available at LARL/NWRL Consortium. (Show)
  • 4 of 5 copies available at Northwest Regional Library.

Current holds

0 current holds with 5 total copies.

Show Only Available Copies
Location Call Number / Copy Notes Barcode Shelving Location Status Due Date
Godel Memorial-Warren Library DVD j PER (Text) 35500005320120 Main Checked out 05/08/2026
Karlstad LINK Site DVD j PER (Text) 35500005320146 Main Available -
Red Lake Falls Public Library DVD j PER (Text) 35500006387854 Main Available -
Thief River Falls Public Library DVD j PER (Text) 35500005320153 Main Available -
Warroad Public Library DVD j PER (Text) 35500005596018 Main Available -

Record details

  • ISBN: 9786315169373
  • Physical Description: 1 videodisc (approximately 106 minutes) : sound, ... Read More
  • Publisher: Beverly Hills, California : Distributed by 20th Century Fox Home Entertainment, 2013

Content descriptions

General Note:
Based on the novel by Rick Riordan.
Originally released as a motion picture in 2013.
Sequel to: Percy Jackson & the lighting thief.
Special features: Back to Camp Half-Blood; It's all in the eye.
Creation/Production Credits Note:
Music, Andrew Lockington ; special make-up effects ... Read More
Participant or Performer Note:
Logan Lerman, Alexandra Daddario, Brandon T. ... Read More
Summary, etc.:
Based on the publishing phenomenon, Percy Jackson ... Read More
Target Audience Note:
MPAA rated: PG; for fantasy action violence, some ... Read More
System Details Note:
DVD, NTSC region 1, dual layer, widescreen ... Read More
Language Note:
In English, Spanish or French; Spanish subtitles; ... Read More
English audio description track for people with ... Read More
Source of Description Note:
Title from disc surface.
Subject: Jackson, Percy (Fictitious character) > Drama.
Gods, Greek > Drama.
Mythology, Greek > Drama.
Monsters > Drama.
Argonauts (Greek mythology) > Drama.
Bermuda Triangle > Drama.
Dioses griegos > Teatro.
Mitología griega > Teatro.
Monstruos > Teatro.
Genre: Feature films.
Action and adventure films.
Fantasy films.
Film adaptations.
Video recordings for the hearing impaired.
Video recordings for people with visual disabilities.
Feature films.
Fantasy films.
LDR 05836cgm a2201117Ia 4500
001159090
003LARL_NWRL_CONSORTIUM
00520250206175306.0
007vd cvaizk
008130912s2013 cau106 g vleng
020 . ‡a9786315169373
0241 . ‡a024543867685
0241 . ‡a024543867692
0241 . ‡a024543877233
02842. ‡a2286768 ‡b20th Century Fox Home Entertainment
02842. ‡a2286769 ‡b20th Century Fox Home Entertainment
035 . ‡a(OCoLC)857899955
040 . ‡aLPU ‡cLPU ‡dBDX ‡dTEF ‡dTEFMT ‡dUPZ ‡dTEF ‡dIEP ‡dPX0
0411 . ‡aeng ‡afre ‡aspa ‡jeng ‡jfre ‡jspa ‡heng
043 . ‡aln-----
08204. ‡a791.43/72 ‡223
24500. ‡aPercy Jackson. ‡n#2, ‡pSea of monsters / ‡cFox 2000 Pictures presents ; a Sunswept Entertainment/1492 Pictures production ; produced by Karen Rosenfelt, Michael Barnathan ; screenplay by Marc Guggenheim ; directed by Thor Freudenthal.
24630. ‡aSea of monsters
2463 . ‡aPercy jackson sea of monsters
2461 . ‡iAlso known as: ‡aPercy Jackson 2
2463 . ‡aPercy Jackson two
260 . ‡aBeverly Hills, California : ‡bDistributed by 20th Century Fox Home Entertainment, ‡c2013
300 . ‡a1 videodisc (approximately 106 minutes) : ‡bsound, color ; ‡c4 3/4 in.
336 . ‡atwo-dimensional moving image ‡btdi ‡2rdacontent
337 . ‡avideo ‡bv ‡2rdamedia
338 . ‡avideodisc ‡bvd ‡2rdacarrier
340 . ‡b4 3/4 in. ‡2rda
344 . ‡adigital ‡boptical ‡gsurround ‡hDolby Digital 5.1 ‡2rda
344 . ‡gsurround ‡hDolby Digital 2.0 ‡2rda
346 . ‡alaser optical ‡bNTSC ‡2rda
347 . ‡avideo file ‡bDVD video ‡eRegion 1 ‡2rda
380 . ‡aMotion picture
4900 . ‡aPercy Jackson ; ‡v2
538 . ‡aDVD, NTSC region 1, dual layer, widescreen (2.40:1) presentation; Dolby Digital 5.1 (English), Dolby Digital 2.0 (French and Spanish).
546 . ‡aIn English, Spanish or French; Spanish subtitles; English subtitles for the deaf and hard-of-hearing (SDH); closed-captioned.
546 . ‡aEnglish audio description track for people with visual disabilities.
588 . ‡aTitle from disc surface.
5111 . ‡aLogan Lerman, Alexandra Daddario, Brandon T. Jackson, Jake Abel, Douglas Smith, Stanley Tucci, Nathan Fillion.
508 . ‡aMusic, Andrew Lockington ; special make-up effects designed and created by Alec Gillis, Tom Woodruff, Jr. ; editor, Mark Goldblatt ; director of photography, Shelly Johnson.
500 . ‡aBased on the novel by Rick Riordan.
500 . ‡aOriginally released as a motion picture in 2013.
500 . ‡aSequel to: Percy Jackson & the lighting thief.
5218 . ‡aMPAA rated: PG; for fantasy action violence, some scary images and mild language.
520 . ‡aBased on the publishing phenomenon, Percy Jackson and other young demigods continue to fight, but this time in the sea, to fulfill their destinies. To save their world, Percy and his friends must find the fabled and magical Golden Fleece. Embarking on a treacherous odyssey into the uncharted waters of the Sea of Monsters (known to humans as the Bermuda Triangle), they battle terrifying creatures, an army of zombies, and the ultimate Evil.
500 . ‡aSpecial features: Back to Camp Half-Blood; It's all in the eye.
650 0. ‡aJackson, Percy (Fictitious character) ‡vDrama.
650 0. ‡aGods, Greek ‡vDrama. ‡0(LARL_NWRL_CONSORTIUM)169134
650 0. ‡aMythology, Greek ‡vDrama. ‡0(LARL_NWRL_CONSORTIUM)166163
650 0. ‡aMonsters ‡vDrama.
650 0. ‡aArgonauts (Greek mythology) ‡vDrama.
651 0. ‡aBermuda Triangle ‡vDrama.
650 7. ‡aDioses griegos ‡vTeatro. ‡2bidex
650 7. ‡aMitología griega ‡vTeatro. ‡2bidex
650 7. ‡aMonstruos ‡vTeatro. ‡2bidex
655 7. ‡aFeature films. ‡2lcgft ‡0(LARL_NWRL_CONSORTIUM)175625
655 7. ‡aAction and adventure films. ‡2lcgft ‡0(LARL_NWRL_CONSORTIUM)175617
655 7. ‡aFantasy films. ‡2lcgft ‡0(LARL_NWRL_CONSORTIUM)175666
655 7. ‡aFilm adaptations. ‡2lcgft ‡0(LARL_NWRL_CONSORTIUM)175712
655 7. ‡aVideo recordings for the hearing impaired. ‡2lcgft ‡0(LARL_NWRL_CONSORTIUM)175744
655 7. ‡aVideo recordings for people with visual disabilities. ‡2lcgft ‡0(LARL_NWRL_CONSORTIUM)175745
655 7. ‡aFeature films. ‡2gsafd ‡0(LARL_NWRL_CONSORTIUM)175625
655 7. ‡aFantasy films. ‡2gsafd ‡0(LARL_NWRL_CONSORTIUM)175666
7001 . ‡aFreudenthal, Thor. ‡0(LARL_NWRL_CONSORTIUM)215872
7001 . ‡aGuggenheim, Marc. ‡0(LARL_NWRL_CONSORTIUM)215485
7001 . ‡aRosenfelt, Karen. ‡0(LARL_NWRL_CONSORTIUM)215409
7001 . ‡aBarnathan, Michael. ‡0(LARL_NWRL_CONSORTIUM)136256
7001 . ‡aLerman, Logan, ‡d1992- ‡0(LARL_NWRL_CONSORTIUM)210457
7001 . ‡aDaddario, Alexandra, ‡d1986- ‡0(LARL_NWRL_CONSORTIUM)218261
7001 . ‡aJackson, Brandon T., ‡d1984- ‡0(LARL_NWRL_CONSORTIUM)215086
7001 . ‡aAbel, Jake, ‡d1987- ‡0(LARL_NWRL_CONSORTIUM)218258
7001 . ‡aSmith, Douglas, ‡d1985- ‡0(LARL_NWRL_CONSORTIUM)211755
7001 . ‡aTucci, Stanley. ‡0(LARL_NWRL_CONSORTIUM)140594
7001 . ‡aFillion, Nathan, ‡d1971- ‡0(LARL_NWRL_CONSORTIUM)208229
7001 . ‡aRiordan, Rick. ‡tPercy Jackson.
7102 . ‡aFox 2000 Pictures. ‡0(LARL_NWRL_CONSORTIUM)146351
7102 . ‡aSunswept Entertainment (Firm) ‡0(LARL_NWRL_CONSORTIUM)215988
7102 . ‡a1492 Pictures. ‡0(LARL_NWRL_CONSORTIUM)148819
7102 . ‡aTwentieth Century Fox Home Entertainment, Inc. ‡0(LARL_NWRL_CONSORTIUM)140752
901 . ‡a159090 ‡bOCLC ‡c159090 ‡tbiblio

Additional Resources